| 000 | 00691nam a2200205 i 4500 | ||
|---|---|---|---|
| 001 | 128805 | ||
| 003 | ES-MaACL | ||
| 005 | 20230906193350.0 | ||
| 007 | t| | ||
| 008 | 070525s1960 sp ||||1| spa d | ||
| 080 | _a929 Benito, Santo | ||
| 100 | 1 |
_aTapia de Renedo, Benedicto. _9109235 |
|
| 245 | 1 | 0 |
_aSan Benito, "Padre de Europa" _b: el hombre, el santo y su obra / _cBenedicto Tapia de Renedo. |
| 260 |
_aMadrid : _bCompañia Bibliográfica Española, _c[1960] |
||
| 300 |
_a263 p. ,1 h. de lám. ; _c22 cm. |
||
| 599 | _aLám.: retr. de San Benito. | ||
| 600 | 0 | 4 |
_aBenito _c, Santo. _927667 |
| 710 | 2 |
_aCompañía Bibliográfica Española. _9171207 |
|
| 852 |
_aES-MaACL _jC-18432 |
||
| 999 |
_c128805 _d128805 |
||